000 00242as aa2200097a 44500
090 _aSERIADAS
_b00966
245 1 0 _aScientiae
260 _bUniversidadNacional de Colombia. Facultad de Ciencias
_aColombia
041 0 _aEspaƱol
942 _cREVISTA
999 _c17109
_d17109